[Event "IECC P email"]
[Site "IECC email"]
[Date "2002.10.16"]
[Round "?"]
[White "Ralchev, Stoyan"]
[Black "Ondo, Bob"]
[Result "0-1"]
[WhiteElo "1635"]
[BlackElo "1698"]
[PlyCount "32"]
[EventDate "2002.??.??"]
[EventType "tourn (corr)"]
[EventRounds "6"]
[SourceTitle "Corr 2008"]
[Source "ChessBase"]
[SourceDate "2008.06.24"]
[SourceVersion "1"]
[SourceVersionDate "2008.06.24"]
[SourceQuality "1"]

1. e4 e5 2. Nc3 Nf6 3. Bc4 Nc6 4. d3 Na5 5. Nf3 Nxc4 6. dxc4 Bb4 7. Bd2 d6 8. Qe2 Be6 9. a3 Bxc3 10. Bxc3 Qd7 11. h3 Qa4 12. b3 Qc6 13. Nd2 b5 14. f3 Nh5 15. Rg1 0-0 16. g3 bxc4 0-1

[Event "IECC CL4-2002.23"]
[Site "IECC email"]
[Date "2002.08.17"]
[Round "?"]
[White "Ralchev, Stoyan"]
[Black "Jordan, Tanya"]
[Result "0-1"]
[WhiteElo "1649"]
[BlackElo "1814"]
[PlyCount "44"]
[EventDate "2002.??.??"]
[EventType "tourn (corr)"]
[EventRounds "4"]
[SourceTitle "Corr 2008"]
[Source "ChessBase"]
[SourceDate "2008.06.24"]
[SourceVersion "1"]
[SourceVersionDate "2008.06.24"]
[SourceQuality "1"]

1. e4 c5 2. c3 d5 3. exd5 Qxd5 4. d4 Nf6 5. Nf3 Bg4 6. Be2 e6 7. 0-0 Nc6 8. Na3 Be7 9. Nb5 Qd8 10. Bf4 Nd5 11. Bg3 a6 12. c4 axb5 13. cxd5 Qxd5 14. dxc5 Qxc5 15. Qb3 Bxf3 16. Bxf3 Nd4 17. Qe3 Nxf3+ 18. Qxf3 Qc6 19. Qg4 0-0 20. Rac1 Qd5 21. a3 f5 22. Qh5 f4 0-1

[Event "IECC M email"]
[Site "IECC email"]
[Date "2002.08.04"]
[Round "?"]
[White "Williams, Derek"]
[Black "Ralchev, Stoyan"]
[Result "1-0"]
[WhiteElo "1640"]
[BlackElo "1649"]
[PlyCount "83"]
[EventDate "2002.??.??"]
[EventType "tourn (corr)"]
[EventRounds "6"]
[SourceTitle "Corr 2008"]
[Source "ChessBase"]
[SourceDate "2008.06.24"]
[SourceVersion "1"]
[SourceVersionDate "2008.06.24"]
[SourceQuality "1"]

1. e4 c6 2. Nc3 d5 3. d4 dxe4 4. Nxe4 Bf5 5. Ng3 Bg6 6. h4 h6 7. Nf3 Nd7 8. Bd3 Bxd3 9. Qxd3 Qc7 10. Bd2 e6 11. 0-0-0 Ngf6 12. Rhe1 Bd6 13. Nf5 Bf4 14. Nxg7+ Kf8 15. Nxe6+ fxe6 16. Rxe6 Kf7 17. Qf5 Bxd2+ 18. Rxd2 Rh7 19. Ne5+ Kg8 20. Rxf6 Nxf6 21. Qxf6 Rg7 22. g4 Qe7 23. Qxh6 Rh7 24. Qg5+ Qxg5 25. hxg5 Rh1+ 26. Rd1 Rxd1+ 27. Kxd1 Rd8 28. c3 c5 29. f4 cxd4 30. Kd2 dxc3+ 31. Kxc3 Rd5 32. a4 a6 33. Kc4 Rd2 34. b3 Rf2 35. f5 Rf4+ 36. Kd5 Rb4 37. f6 Rxb3 38. g6 b5 39. Nc6 Kf8 40. Ne7 Rd3+ 41. Ke5 Rd8 42. Ke6 1-0

[Event "IECC CL4-2002.20"]
[Site "IECC email"]
[Date "2002.06.30"]
[Round "?"]
[White "Kalyoncuoglu, Ozgur"]
[Black "Ralchev, Stoyan"]
[Result "1-0"]
[WhiteElo "1719"]
[BlackElo "1637"]
[PlyCount "43"]
[EventDate "2002.??.??"]
[EventType "tourn (corr)"]
[EventRounds "4"]
[SourceTitle "Corr 2008"]
[Source "ChessBase"]
[SourceDate "2008.06.24"]
[SourceVersion "1"]
[SourceVersionDate "2008.06.24"]
[SourceQuality "1"]

1. e4 c6 2. d4 d5 3. e5 Bf5 4. Bd3 Bxd3 5. Qxd3 e6 6. Nf3 Qa5+ 7. Bd2 Qa6 8. 0-0 Qxd3 9. cxd3 Ne7 10. Nc3 h5 11. Rfc1 Nf5 12. Ne2 Be7 13. b4 Kd7 14. Rab1 Rc8 15. Ng5 f6 16. Nf3 Kc7 17. Nf4 Nd7 18. b5 Nf8 19. bxc6 bxc6 20. Nxh5 Rab8 21. g4 Nh6 22. exf6 1-0

[Event "IECC KO email"]
[Site "IECC email"]
[Date "2002.04.28"]
[Round "?"]
[White "Ralchev, Stoyan"]
[Black "Washburn, David"]
[Result "1-0"]
[WhiteElo "1776"]
[BlackElo "1652"]
[PlyCount "69"]
[EventDate "2002.??.??"]
[EventType "tourn (corr)"]
[EventRounds "6"]
[SourceTitle "Corr 2008"]
[Source "ChessBase"]
[SourceDate "2008.06.24"]
[SourceVersion "1"]
[SourceVersionDate "2008.06.24"]
[SourceQuality "1"]

1. e4 c5 2. c3 d5 3. exd5 Qxd5 4. d4 Nc6 5. Nf3 Bg4 6. Be2 cxd4 7. cxd4 e6 8. Nc3 Qa5 9. d5 exd5 10. Nd4 Be6 11. Nb3 Qd8 12. Bf3 Bb4 13. 0-0 Nge7 14. Bf4 Bxc3 15. bxc3 b6 16. Nd4 Nxd4 17. Qxd4 0-0 18. Rfe1 Rc8 19. Bg5 Nf5 20. Qd2 Qd7 21. Rad1 h6 22. Bf4 Rc5 23. h3 Nh4 24. Be4 Rd8 25. Bxh6 f6 26. Qf4 Nxg2 27. Bxg2 Bxh3 28. Qg3 Bxg2 29. Kxg2 Kh7 30. Rh1 Kg8 31. Rd4 g5 32. Bxg5 fxg5 33. Rdh4 Qg7 34. Rh8+ Qxh8 35. Rxh8+ 1-0

[Event "IECC Swiss email"]
[Site "IECC email"]
[Date "2002.04.17"]
[Round "?"]
[White "Ralchev, Stoyan"]
[Black "Turko, Sergey Ivanovich"]
[Result "0-1"]
[WhiteElo "1682"]
[BlackElo "1938"]
[PlyCount "76"]
[EventDate "2002.??.??"]
[EventType "tourn (corr)"]
[EventRounds "6"]
[SourceTitle "Corr 2008"]
[Source "ChessBase"]
[SourceDate "2008.06.24"]
[SourceVersion "1"]
[SourceVersionDate "2008.06.24"]
[SourceQuality "1"]

1. e4 e5 2. Nc3 Nf6 3. Bc4 Nc6 4. d3 Be7 5. f4 d6 6. Nf3 a6 7. a4 exf4 8. Bxf4 Be6 9. 0-0 Bxc4 10. dxc4 0-0 11. e5 dxe5 12. Nxe5 Nxe5 13. Bxe5 Re8 14. Kh1 Qxd1 15. Raxd1 Ng4 16. Bd4 Bd6 17. Bg1 Ne3 18. Bxe3 Rxe3 19. c5 Bxc5 20. Rd7 Re7 21. Rfd1 Kf8 22. R7d5 Rae8 23. g3 Bb4 24. R5d3 Re1+ 25. Rxe1 Rxe1+ 26. Kg2 Rc1 27. Rd2 Bxc3 28. bxc3 c5 29. Kf3 Ke7 30. Ke4 Ke6 31. Kd3 Kd6 32. Kc4+ Kc6 33. Re2 b5+ 34. axb5+ axb5+ 35. Kd3 Rd1+ 36. Ke4 h6 37. h4 Rg1 38. Kf4 Kd5 0-1

[Event "IECC Swiss email"]
[Site "IECC email"]
[Date "2002.03.17"]
[Round "?"]
[White "Sala, Stefano"]
[Black "Ralchev, Stoyan"]
[Result "1-0"]
[WhiteElo "1505"]
[BlackElo "1752"]
[PlyCount "61"]
[EventDate "2002.??.??"]
[EventType "tourn (corr)"]
[EventRounds "6"]
[SourceTitle "Corr 2008"]
[Source "ChessBase"]
[SourceDate "2008.06.24"]
[SourceVersion "1"]
[SourceVersionDate "2008.06.24"]
[SourceQuality "1"]

1. e4 c6 2. d4 d5 3. Nc3 dxe4 4. Nxe4 Bf5 5. Ng3 Bg6 6. c3 Nf6 7. Nf3 Nbd7 8. Bd3 e6 9. Bxg6 hxg6 10. Bg5 Qc7 11. 0-0 Bd6 12. Re1 0-0-0 13. Qa4 Kb8 14. Ne5 Rdf8 15. Rad1 Nh5 16. Nxd7+ Qxd7 17. Ne4 Bc7 18. h3 f6 19. Be3 Qd5 20. Nc5 g5 21. c4 Qd6 22. d5 exd5 23. Ne6 b6 24. Nxf8 Rxf8 25. Kf1 Qh2 26. Qxc6 Qh1+ 27. Ke2 Qxg2 28. Rxd5 Qxh3 29. c5 Qg4+ 30. Kd2 Qb4+ 31. Kd1 1-0

[Event "IECC CL3-2002.10"]
[Site "IECC email"]
[Date "2002.03.14"]
[Round "?"]
[White "Vieira, Alvaro"]
[Black "Ralchev, Stoyan"]
[Result "1-0"]
[WhiteElo "1937"]
[BlackElo "1838"]
[PlyCount "43"]
[EventDate "2002.??.??"]
[EventType "tourn (corr)"]
[EventRounds "4"]
[SourceTitle "Corr 2008"]
[Source "ChessBase"]
[SourceDate "2008.06.24"]
[SourceVersion "1"]
[SourceVersionDate "2008.06.24"]
[SourceQuality "1"]

1. c4 e5 2. Nc3 Nf6 3. g3 Bb4 4. Bg2 Bxc3 5. bxc3 c5 6. Nf3 d6 7. 0-0 0-0 8. Qc2 Nc6 9. Rb1 Qc7 10. e4 Be6 11. d3 h6 12. Nh4 g5 13. Nf5 Bxf5 14. exf5 Rab8 15. h4 Nh7 16. Qe2 Kg7 17. hxg5 hxg5 18. Qh5 Qe7 19. f4 gxf4 20. gxf4 Qf6 21. Rf3 Rh8 22. Rg3+ 1-0

[Event "IECC O email"]
[Site "IECC email"]
[Date "2002.01.14"]
[Round "?"]
[White "Ralchev, Stoyan"]
[Black "Dibley, Shane"]
[Result "0-1"]
[WhiteElo "1862"]
[BlackElo "1870"]
[PlyCount "46"]
[EventDate "2002.??.??"]
[EventType "tourn (corr)"]
[EventRounds "6"]
[SourceTitle "Corr 2008"]
[Source "ChessBase"]
[SourceDate "2008.06.24"]
[SourceVersion "1"]
[SourceVersionDate "2008.06.24"]
[SourceQuality "1"]

1. e4 c5 2. c3 Nf6 3. e5 Nd5 4. d4 cxd4 5. Nf3 Nc6 6. Bc4 Nb6 7. Bb3 d5 8. exd6 Qxd6 9. Na3 dxc3 10. Qe2 cxb2 11. Bxb2 Qb4+ 12. Nd2 Bg4 13. Qe3 Rd8 14. Nc2 Qa5 15. h3 Na4 16. Qf4 Nxb2 17. Bxf7+ Kd7 18. Qxg4+ Kc7 19. Qe2 Qc3 20. Bb3 e5 21. h4 Nd3+ 22. Kf1 Nd4 23. Qd1 Nxf2 0-1

[Event "IECC KO email"]
[Site "IECC email"]
[Date "2001.11.26"]
[Round "?"]
[White "Ralchev, Stoyan"]
[Black "Morganti, Lionello"]
[Result "0-1"]
[WhiteElo "1808"]
[BlackElo "1689"]
[PlyCount "94"]
[EventDate "2001.??.??"]
[EventType "tourn (corr)"]
[EventRounds "6"]
[SourceTitle "Corr 2008"]
[Source "ChessBase"]
[SourceDate "2008.06.24"]
[SourceVersion "1"]
[SourceVersionDate "2008.06.24"]
[SourceQuality "1"]

1. e4 e6 2. d4 d5 3. exd5 exd5 4. c4 Nf6 5. Nf3 Bb4+ 6. Nc3 0-0 7. Be2 dxc4 8. Bxc4 Bg4 9. 0-0 Nc6 10. Be3 Qd7 11. d5 Bxf3 12. Qxf3 Ne5 13. Qf4 Bxc3 14. bxc3 Nxc4 15. Qxc4 Nxd5 16. Bd4 Rad8 17. Rab1 b6 18. Rfd1 Nxc3 19. Qxc3 c5 20. Rb2 cxd4 21. Qc4 Qe6 22. Qa4 Rd7 23. Rbd2 d3 24. h3 Rfd8 25. Qb5 Qe4 26. Kf1 Rd5 27. Qc6 Qe7 28. Qc4 Qd7 29. Qa6 b5 30. Qa3 Rd6 31. Qb3 a5 32. Qc3 b4 33. Qc4 Rd4 34. Qa6 a4 35. Qb6 Qd5 36. Rc1 Re8 37. Qc6 Qxc6 38. Rxc6 Rb8 39. Ra6 b3 40. axb3 axb3 41. Ra1 g6 42. Rb2 Rc4 43. Rab1 Rbc8 44. Ke1 Rc2 45. Rxb3 Re8+ 46. Kf1 d2 47. Rd1 Rc1 0-1

[Event "IECC Swiss email"]
[Site "IECC email"]
[Date "2000.04.15"]
[Round "?"]
[White "Ralchev, Stoyan"]
[Black "Krunski, Jan Maria"]
[Result "0-1"]
[WhiteElo "1716"]
[BlackElo "1173"]
[PlyCount "60"]
[EventDate "2000.??.??"]
[EventType "tourn (corr)"]
[EventRounds "6"]
[SourceTitle "Corr 2008"]
[Source "ChessBase"]
[SourceDate "2008.06.24"]
[SourceVersion "1"]
[SourceVersionDate "2008.06.24"]
[SourceQuality "1"]

1. e4 e5 2. Nc3 Nf6 3. Bc4 Bb4 4. Nge2 Nxe4 5. Nxe4 d5 6. c3 Be7 7. Bd3 dxe4 8. Bxe4 Nd7 9. 0-0 Nc5 10. Bf3 Nd3 11. Be4 f5 12. Bxd3 Qxd3 13. f4 Bc5+ 14. Kh1 e4 15. b4 Bd6 16. Nd4 Bxb4 17. Nxf5 Bxc3 18. dxc3 Bxf5 19. Qxd3 exd3 20. Re1+ Kd7 21. h3 Rhe8 22. Bd2 Re2 23. Rxe2 dxe2 24. Kg1 c5 25. Kf2 Bd3 26. a4 Kc6 27. Ra2 Bc4 28. Rb2 a5 29. Be1 b5 30. axb5+ Kb6 0-1